Региональные особенности элементного состава надземной части Filipendula ulmaria (Rosaceae) (Юг Сибири); Биогеохимия техногенеза и современные проблемы геохимической экологии; Т. 2
| Parent link: | Биогеохимия техногенеза и современные проблемы геохимической экологии: труды IX Международной биогеохимической школы (24-28 августа 2015 г., Барнаул) : в 2 т..— , 2015 Т. 2.— 2015.— [С. 139-142] |
|---|---|
| Main Author: | |
| Corporate Author: | |
| Other Authors: | , |
| Summary: | Заглавие с экрана The paper presents the results of a comparative study of the elemental composition of Filipendula ulmaria growing on the territory of Tomsk oblast and other regions of Southern Siberia. The calculated concentration factors for 28 chemical elements were relative to a certain average content in the sample. |
| Language: | Russian |
| Published: |
2015
|
| Series: | Секция 5. Микроэлементы в медицине, животноводстве, растениеводстве |
| Subjects: | |
| Online Access: | http://www.iwep.ru/ru/bibl/books/matkonf/SbornikTOM2.pdf#page=139 |
| Format: | Electronic Book Chapter |
| KOHA link: | https://koha.lib.tpu.ru/cgi-bin/koha/opac-detail.pl?biblionumber=648835 |
MARC
| LEADER | 00000naa0a2200000 4500 | ||
|---|---|---|---|
| 001 | 648835 | ||
| 005 | 20250905112830.0 | ||
| 035 | |a (RuTPU)RU\TPU\network\13994 | ||
| 035 | |a RU\TPU\network\13992 | ||
| 090 | |a 648835 | ||
| 100 | |a 20160607d2015 k y0rusy50 ca | ||
| 101 | 0 | |a rus | |
| 102 | |a RU | ||
| 135 | |a drcn ---uucaa | ||
| 181 | 0 | |a i | |
| 182 | 0 | |a b | |
| 200 | 1 | |a Региональные особенности элементного состава надземной части Filipendula ulmaria (Rosaceae) (Юг Сибири) |d Regional features of elemental composition of aboveground part of Filipendula ulmaria (Rosaceae) (Southern Siberia) |f Е. А. Колесникова, Н. В. Барановская, Е. В. Черненькая | |
| 203 | |a Текст |c электронный | ||
| 225 | 1 | |a Секция 5. Микроэлементы в медицине, животноводстве, растениеводстве | |
| 300 | |a Заглавие с экрана | ||
| 320 | |a [Библиогр.: с. 142 (6 назв.)] | ||
| 330 | |a The paper presents the results of a comparative study of the elemental composition of Filipendula ulmaria growing on the territory of Tomsk oblast and other regions of Southern Siberia. The calculated concentration factors for 28 chemical elements were relative to a certain average content in the sample. | ||
| 461 | |t Биогеохимия техногенеза и современные проблемы геохимической экологии |o труды IX Международной биогеохимической школы (24-28 августа 2015 г., Барнаул) : в 2 т. |d 2015 | ||
| 463 | |t Т. 2 |v [С. 139-142] |d 2015 | ||
| 510 | 1 | |a Regional features of elemental composition of aboveground part of Filipendula ulmaria (Rosaceae) (Southern Siberia) |z eng | |
| 610 | 1 | |a электронный ресурс | |
| 610 | 1 | |a труды учёных ТПУ | |
| 700 | 1 | |a Колесникова |b Е. А. |g Екатерина Александровна | |
| 701 | 1 | |a Барановская |b Н. В. |c геохимик |c профессор Томского политехнического университета, доктор биологических наук |f 1970- |g Наталья Владимировна |3 (RuTPU)RU\TPU\pers\26055 |9 11894 | |
| 701 | 1 | |a Черненькая |b Е. В. |g Елена Владимировна | |
| 712 | 0 | 2 | |a Национальный исследовательский Томский политехнический университет (ТПУ) |b Институт природных ресурсов (ИПР) |b Кафедра геоэкологии и геохимии (ГЭГХ) |3 (RuTPU)RU\TPU\col\18658 |
| 801 | 1 | |a RU |b 63413507 |c 20141010 | |
| 801 | 2 | |a RU |b 63413507 |c 20180401 |g RCR | |
| 856 | 4 | |u http://www.iwep.ru/ru/bibl/books/matkonf/SbornikTOM2.pdf#page=139 | |
| 942 | |c CF | ||